00662 2200241 4500001002100000005001700021008004100038035002400079082001200103090001900115100001600134245009200150260002800242300001800270500002700288650002600315700001900341850001200360980001500372985000600387999001500393990001200408YOGYA-0209000005449320090227033350.0 ind  0010-020900000054493 a899.208 a899.208bHut P aHUTAURUK, M aPerdanabBunga Rampai Bacaan untuk Sekolah Lanjutan AtascM. Hutauruk dan Tjoa Teng Hap aJakartabErlanggac1974 a...Jilc21 cm aYang diterima : jil. 2 aKesasteraan Indonesia aHAP, Tjoa Teng aYOPDYOG a11-11-2007 a1 aP000017789 a17789-p